000 00425nam a22001697a 4500
005 20180613152545.0
008 160525b xxu||||| |||| 00| 0 eng d
020 _a81-272-0154-5
041 _aeng
082 _b5028
_a657.046
100 _aJain, S.P. & Narang K.L.
_91267
245 _aAdvanced Accountancy
260 _aNew Delhi
_bAcademic Faundation
_c2002
300 _a1018
650 _aManagement
_9241
942 _cBK
999 _c1761
_d1760